书目信息 |
| 题名: |
思想道德修养与法律基础
|
|
| 作者: | 本书编写组[编] | |
| 分册: | ||
| 出版信息: | 北京 高等教育出版社 2018 |
|
| 页数: | 197页 | |
| 开本: | 23cm | |
| 丛书名: | ||
| 单 册: | ||
| 中图分类: | G641.6 , G641-43 | |
| 科图分类: | ||
| 主题词: | 法律--fa lv--中国--教材 , 思想修养--si xiang xiu yang--教材 | |
| 电子资源: | ||
| ISBN: | 978-7-04-049503-4 | |
| 000 | 00913nam0 22002651 450 | |
| 001 | 012001007558 | |
| 005 | 20210928154943.53 | |
| 010 | @a978-7-04-049503-4@dCNY18.00 | |
| 099 | @aCAL 012019039233 | |
| 100 | @a20190212d2018 em y0chiy50 ea | |
| 101 | 0 | @achi |
| 102 | @aCN@b110000 | |
| 105 | @ay z 000yy | |
| 200 | 1 | @a思想道德修养与法律基础@Asi xiang dao de xiu yang yu fa lv ji chu@e2018年版@f本书编写组[编] |
| 205 | @a8版 | |
| 210 | @a北京@c高等教育出版社@d2018 | |
| 215 | @a197页@d23cm | |
| 300 | @a马克思主义理论研究和建设工程重点教材 | |
| 330 | @a本书共分六章,内容包括:人生的青春之问、坚定理想信念、弘扬中国精神、践行社会主义核心价值观、明大德守公德严私德、尊法学法守法用法。 | |
| 606 | 0 | @a法律@Afa lv@y中国@j教材 |
| 606 | 0 | @a思想修养@Asi xiang xiu yang@j教材 |
| 690 | @aG641.6@v5 | |
| 690 | @aG641-43@v4 | |
| 801 | 0 | @aCN@b上海新华@c20191020 |
| 905 | @b1133694-6@dG641.6@e1108=8@f3 | |
| 思想道德修养与法律基础:2018年版/本书编写组[编].-8版.-北京:高等教育出版社,2018 |
| 197页;23cm |
| 马克思主义理论研究和建设工程重点教材 |
| ISBN 978-7-04-049503-4:CNY18.00 |
| 本书共分六章,内容包括:人生的青春之问、坚定理想信念、弘扬中国精神、践行社会主义核心价值观、明大德守公德严私德、尊法学法守法用法。 |
| ● |
| 相关链接 |
|
|
|
|
正题名:思想道德修养与法律基础
索取号:G641.6/1108=8
 
预约/预借
| 序号 | 登录号 | 条形码 | 馆藏地/架位号 | 状态 | 备注 |
| 1 | 1055380 | 210553809 | 第一借阅区/ [索取号:G641.6/1108=8] | 在馆 | |
| 2 | 1133694 | 211336945 | 第一样本阅览室/ [索取号:G641.6/1108=8] | 在馆 | |
| 3 | 1133695 | 211336954 | 第四借阅区/ [索取号:G641.6/1108=8] | 在馆 | |
| 4 | 1133696 | 211336963 | 第四借阅区/ [索取号:G641.6/1108=8] | 在馆 |